| 000 | 00676cam a22002415a 4500 | ||
|---|---|---|---|
| 001 | 009736583 | ||
| 005 | 20180104110519.0 | ||
| 008 | 931214s2000 stka fr 001 0 eng d | ||
| 020 | _a0443047995 | ||
| 020 | _a9780443061998 | ||
| 040 |
_aUk _cUk _beng _dEG-ScBUE |
||
| 082 | 0 | 4 |
_a618.1 _222 _bHAR |
| 100 | 1 | _aHart, David McKay. | |
| 245 | 1 | 0 |
_aGynaecology illustrated / _cDavid McKay Hart, Jane Norman. |
| 250 | _a5th ed. | ||
| 260 |
_aEdinburgh : _bChurchill Livingstone, _c2000. |
||
| 300 |
_ax, 443 p. : _bill. ; _c24 cm. |
||
| 500 | _aIndex : p. 429-443. | ||
| 650 | 7 |
_aGynecology. _2BUEsh |
|
| 653 |
_bGGEN _cJanuary2018 |
||
| 700 | 1 | _aNorman, Jane. | |
| 942 | _2ddc | ||
| 999 |
_c25853 _d25825 |
||